Entry Personal Name
Number of records used in: 1
001 - CONTROL NUMBER
003 - CONTROL NUMBER IDENTIFIER
005 - DATE AND TIME OF LATEST TRANSACTION
- control field:
20230825155948.0
008 - FIXED-LENGTH DATA ELEMENTS
- fixed length control field:
020307n| acannaabn |a aaa
010 ## - LIBRARY OF CONGRESS CONTROL NUMBER
- LC control number:
no2002019050
035 ## - SYSTEM CONTROL NUMBER
- System control number:
(OCoLC)oca05705295
040 ## - CATALOGING SOURCE
- Original cataloging agency:
DLC-S
- Language of cataloging:
eng
- Transcribing agency:
DLC-S
100 1# - HEADING--PERSONAL NAME
- Personal name:
Shah, Janat
400 0# - SEE FROM TRACING--PERSONAL NAME
- Personal name:
Janat Shah
670 ## - SOURCE DATA FOUND
- Source citation:
Role of community dominance of trade channels in India, 2001:
- Information found:
t.p. (Janat Shah; asso. prof., Indian Inst. of Mgt., Bangalore)
670 ## - SOURCE DATA FOUND
- Source citation:
Supply chain management, 2009:
- Information found:
ECIP t.p. (Janat Shah, Indian Institute of Management Bangalore) data view (b. Sept. 22, 1958)